02601cam a22004574i 4500003000900000005001700009008004100026020001500067020001800082035002000100040003300120049000900153082001800162245015900180264002800339300004400367336002100411337002500432338002300457490006200480504003900542504003300581505091400614526000901528526000901537526000801546526000801554526000801562526000801570650003501578650002201613650003201635700003201667910002801699942001401727994001401741596000601755999015801761980005501919952016901974PE-LiUPU20250731175627.0190311s2018 gw rb 001 0 eng d a9004380841 a9789004380844 a(Sirsi) a251930 aPE-LiUPUbspacPE-LiUPUerda aPRUA04a492.4bB522300aBiblical Hebrew in context :bessays in Semitics and Old Testament texts in honour of Professor Jan P. Lettinga /ceditor Koert van Bekkum, [y otros dos]. 1aLeiden :bBrill,c2018. axiv, 199 páginas ;c31 centímetros. atext2rdacontent aunmediated2rdamedia avolume2rdacarrier0 aOudtestamentische StudiënaOld Testament studies ; v74 aBibliografía: páginas 177-179. aÍndice: páginas 180-199.0 aLeiden Semitist in Kampen: Honouring Professor Jan P. Lettinga -- Hebrew pelilim and Old Assyrian palalum -- Keilalphabetische Briefe aus Ugarit Deutsche Ubertragung von KTU3 -- Remarks on the Verbal Rection in Biblical Aramaic -- A Dutch Grammar of Biblical Hebrew: J.P. Lettinga's Grammatica van het Bijbels Hebreeuws and Its Revisions -- A Paradigm Shift: Reflections on Teaching Hebrew in the Theology Curriculum -- The 'Language of Canaan': Ancient Israel's History and the Origins of Hebrew -- Forgiveness of Sin for the Price of a New-born's Life? 2 Samuel 12:13-15 Reconsidered -- Stilling or Stirring up the Sea? The Translation of Isaiah 51:15 -- But Fear not, O Jacob my Servant!' Place and Function of the Salvation Oracle Jeremiah 46:27-28 MT -- Hosea 4:16-19: A Century of Work on an Obscure Text -- Living Linguistic Legacy. The 'Sons of God' in the Non-Biblical Texts in the Dead Sea Scrolls. aP145 aP127 aP97 aP35 aP14 aP0704aBibbiapA.T.xInterpretazione.04aLingue semitiche.04aLingua ebraicaxGrammatica.1 aBekkum, Koert van,eeditor. aadmbkslcksld20190311 2ddccBOOK aC0bPEPRU a1 a492.4 B5wDEWEYc31192i80021f2021-11-11g3lCCODEBUL1mBULp113.02r0sYtBOOKu2019-3-11xTEOLOGIAPP350COMPRAo.STAFF. Colección Teologíad31192 81gALBERTO SANCHEZ Responsable de Automatización r2025-12-02 00:00:00i4l0o492.4 B5p80021te1v118.02w2019-03-11xFTyBKzinventario-2023-12-13102ddc50708GENfP35aBULbBULcGENd2019-03-11eCOMPRAg113.02